ՄԱՅՐ ԱԹՈՌ ՍՈՒՐԲ ԷՋՄԻԱԾԻՆ

«ՎԱՉԵ ԵՎ ԹԱՄԱՐ ՄԱՆՈՒԿՅԱՆ» ՄԱՏԵՆԱԴԱՐԱՆ

Մաշտոց-Մեսրովպը : (Record no. 50947)

MARC details
000 -LEADER
fixed length control field 00853nam a2200217Ia 4500
003 - CONTROL NUMBER IDENTIFIER
control field SEM
005 - DATE AND TIME OF LATEST TRANSACTION
control field 20230331163436.0
008 - FIXED-LENGTH DATA ELEMENTS--GENERAL INFORMATION
fixed length control field 141116s9999 gs ||||gr||||||01|0 und|d
040 ## - CATALOGING SOURCE
Original cataloging agency SEM
Transcribing agency SEM
041 ## - LANGUAGE CODE
Language code of text/sound track or separate title arm
080 ## - UNIVERSAL DECIMAL CLASSIFICATION NUMBER
Universal Decimal Classification number 002(47.925)/Մ-29Մ
100 ## - MAIN ENTRY--PERSONAL NAME
Personal name Մանդակունի, Գրիգոր
Titles and words associated with a name աւ․ քահ․
245 ## - TITLE STATEMENT
Title Մաշտոց-Մեսրովպը :
Remainder of title Հայոց տառերի և տպագրութեան գիւտը /
Statement of responsibility, etc. Գրիգոր աւ. քահ. Մանդակունի
260 ## - PUBLICATION, DISTRIBUTION, ETC.
Place of publication, distribution, etc. Թիֆլիս :
Name of publisher, distributor, etc. տպ. «Նադեժդա» Միխայլովսկի,
Date of publication, distribution, etc. 1912.
300 ## - PHYSICAL DESCRIPTION
Extent 32 էջ ;
Other physical details նկ.;
Dimensions 20 սմ
650 ## - SUBJECT ADDED ENTRY--TOPICAL TERM
Topical term or geographic name entry element Գրերի գյուտ
Geographic subdivision Հայաստան
650 ## - SUBJECT ADDED ENTRY--TOPICAL TERM
Topical term or geographic name entry element Հայկական տառեր
653 ## - INDEX TERM--UNCONTROLLED
Uncontrolled term ՍԷՄ
856 ## - ELECTRONIC LOCATION AND ACCESS
Uniform Resource Identifier <a href="https://haygirk.nla.am/upload/1512-1940/1901-1940/mashtoc_1912.pdf">https://haygirk.nla.am/upload/1512-1940/1901-1940/mashtoc_1912.pdf</a>
Link text Կարդալ առցանց
942 ## - ADDED ENTRY ELEMENTS (KOHA)
Source of classification or shelving scheme Universal Decimal Classification
Koha item type Գրքեր/Books
Holdings
Withdrawn status Lost status Source of classification or shelving scheme Damaged status Not for loan Collection code Home library Current library Date acquired Cost, normal purchase price Inventory number Total Checkouts Full call number Barcode Date last seen Price effective from Koha item type Public note
    Universal Decimal Classification     Գրապահոց Մայր Աթոռ Սուրբ Էջմիածին «Վաչե և Թամար Մանուկյան» Մատենադարան Մայր Աթոռ Սուրբ Էջմիածին «Վաչե և Թամար Մանուկյան» Մատենադարան 16/11/2014 500.00 20433   002(47.925)/Մ-29Մ 20433 16/11/2014 16/11/2014 Գրքեր/Books Սպասարկվում է ընթերցասրահ
    Universal Decimal Classification     Գրապահոց Մայր Աթոռ Սուրբ Էջմիածին «Վաչե և Թամար Մանուկյան» Մատենադարան Մայր Աթոռ Սուրբ Էջմիածին «Վաչե և Թամար Մանուկյան» Մատենադարան 16/11/2014 500.00 20434   002(47.925)/Մ-29Մ 20434 16/11/2014 16/11/2014 Գրքեր/Books Սպասարկվում է ընթերցասրահ